Синдбад Мореплавателя (Запис номер 24273)
[ съкратено ]
| 000 -Лидер | |
|---|---|
| Контролно поле с фиксирана дължина | 01242nam a2200301 c 4500 |
| 003 - Код на организацията, давaща контролен номер | |
| Контролно поле | BLK |
| 005 - Дата и час на последна редакция | |
| Контролно поле | 20210119133518.0 |
| 008 - Елементи от данни с фиксирана дължина | |
| fixed length control field | 180413b bul|||||r ||||||| ||bul|| |
| 010 ## - Наследен системен номер | |
| LC control number | KNG00026778000 |
| 020 ## - Международен стандартен номер на книга ISBN | |
| Международен стандартен номер на книга ISBN | 954-625-157-7 |
| 040 ## - Източник на каталожния запис | |
| Идентификатор на билиотеката - собственик на записа | BLK |
| 041 ## - Код за език | |
| Код за езика на текст/звукозапис или на отделно заглавие | Български |
| Код за езика КДБФ | Български |
| 080 ## - УДК | |
| Текстов определител УДК | Арабска литература. Подразделя се с помощта на общите определители на място (5/6) |
| УДК код - определител по УДК | 821.411.21 |
| УДК определител | -93-34 |
| УДК - код + определител | 821.411.21-93-34 |
| 139 ## - Редно поле | |
| Редна дума | Синдбад Мореплавателя |
| Авторски знак | Сим - С 37 |
| 245 10 - Сведения за заглавието | |
| Заглавие | Синдбад Мореплавателя |
| Подзаглавни данни | Приказка |
| Редно поле (дума) | адапт. и прев. Ина Иванова; худож. Ивайло Иванчев. |
| 257 ## - Страна на издаване | |
| Страна на създаване/издаване | Сборници - Свят |
| 260 ## - Област на издателските данни | |
| Име на издателя, разпространителя и проч. | Фют |
| Година на издаване | 1999 |
| 300 ## - Физическа характеристика | |
| Страници | 32 с. |
| Илюстрации и др. | с цв. ил. |
| Размери/Мащаб | 28 см |
| 380 ## - Жанр | |
| Жанр | Детска худож. лит. |
| 490 ## - СЕРИИ (Колекции) | |
| Име на серия | Приказки от хиляда и една нощ |
| 9 (RLIN) | 438550 |
| 700 1# - Други автори (авторска отговорност) | |
| Лично име | Иванова, Ина |
| Автороска отговорност (Описва отношението между автора и произведението) | адапт. и прев. |
| 9 (RLIN) | 267563 |
| 700 1# - Други автори (авторска отговорност) | |
| Лично име | Иванчев, Ивайло |
| Автороска отговорност (Описва отношението между автора и произведението) | худож. |
| 9 (RLIN) | 363283 |
| 852 ## - Местоположение | |
| Форматна сигнатура | Цб ІІ 10081 |
| 856 4# - Електронен адрес и достъп | |
| Електронен формат | pdf - файл |
| Път до файла /url/ | |
| 856 4# - Електронен адрес и достъп | |
| Електронен формат | pdf - файл |
| Път до файла /url/ | |
| 999 ## - СИСТЕМНИ КОНТРОЛНИ НОМЕРА | |
| Koha biblionumber | 24273 |
| Koha biblioitemnumber | 24273 |
| 942 ## - АРТИКУЛИ | |
| Вид на библиотечния материал | Книги |
| Скрит в OPAC | Не |
| Koha issues (borrowed), all copies | 1 |
| Периодичен библиозапис | Да |
| 944 ## - СЪЗДАВАНЕ И РЕДАКЦИЯ на ЗАПИСА | |
| Създаване/Редакция | Създаване |
| Дата на регистрацията/редакция | 15.01.2003 |
| Служител, извършил регистрацията/редакцията | Валя_Йорданова |
| 944 ## - СЪЗДАВАНЕ И РЕДАКЦИЯ на ЗАПИСА | |
| Създаване/Редакция | Редакция |
| Дата на регистрацията/редакция | 11.09.2015 |
| Служител, извършил регистрацията/редакцията | Валентина_Караджова |
| 999 ## - СИСТЕМНИ КОНТРОЛНИ НОМЕРА | |
| Koha biblioitemnumber | 24273 |
| Код за отписване | Код за изгубен артикул | Източник на класификационната схема | Код за повреда | Коз за рестрикции | Код за отдаване | Артикулен № | Име на библиотеката - собственик | Име на библиотеката, в която се намира в момента | Статус (Текущо местоположение) | Дата на вписване в системата | Местоположение - отдел | Цена в лева | Инвентарен номер | Систематично азбучна сигнатура | Баркод | Номер на екземпляра | Цена в евро | Служебна бележка | Служебен тип на артикула |
|---|---|---|---|---|---|---|---|---|---|---|---|---|---|---|---|---|---|---|---|
| Не е изгубен | Universal Decimal Classification | Не е повреден | без рестрикции | ползва се в читалня | 40061 | Регионална библиотека "Любен Каравелов" Русе | Регионална библиотека "Любен Каравелов" Русе | Хранилище | 1999-01-01 | Хранилище | 1.90 | 647084 | Цб ІІ 10081 | 120000647084 | 1 | 0.97 | Вид: Сф N: Сф Дата: 01.01.1999 | Книги | |
| Изтеглен | Не е изгубен | Universal Decimal Classification | Не е повреден | без рестрикции | заемане за дома | 40062 | Регионална библиотека "Любен Каравелов" Русе | Регионална библиотека "Любен Каравелов" Русе | Детски отдел | 1999-01-01 | Детски отдел | 1.90 | 665102 | ДН 820/899/С36 | 665102 | 2 | 0.97 | Вид: Сф N: Сф Дата: 01.01.1999 Дата инв: 13.08.2015 Бележки инв: Д2015 | Книги |
| Изтеглен | Не е изгубен | Universal Decimal Classification | Не е повреден | без рестрикции | заемане за дома | 40063 | Регионална библиотека "Любен Каравелов" Русе | Регионална библиотека "Любен Каравелов" Русе | Детски отдел | 1999-01-01 | Детски отдел | 1.90 | 665103 | ДН 820/899/С36 | 665103 | 3 | 0.97 | Вид: Сф N: Сф Дата: 01.01.1999 Дата инв: 13.08.2015 Бележки инв: Д2015 | Книги |